[Event "U.S. Amateur North U1600"]
[Site "Detroit, MI"]
[Date "1999.05.30"]
[Round "4"]
[White "Pascoe, Bramwell"]
[Black "Young, Corneil"]
[Result "0-1"]
[WhiteElo "1300"]
[BlackElo "1114"]
[PlyCount "158"]
[EventDate "1999.05.29"]

1. e4 e5 2. Nf3 Nc6 3. Bb5 d6 4. O-O Bd7 5. Nc3 Nf6 6. d3 h6 7. Re1 Be7 8. Bd2
O-O 9. Ne2 Bg4 10. c3 Bxf3 11. Bxc6 bxc6 12. gxf3 d5 13. Ng3 Nd7 14. Qc1 Nc5
15. Qc2 dxe4 16. dxe4 Qd3 17. Qd1 Rfd8 18. Be3 Rab8 19. Qc1 Qd7 20. Bxc5 Bxc5
21. b4 Bb6 22. c4 c5 23. b5 Ba5 24. Rf1 Qd3 25. Qd1 Qxc4 26. Qb3 Qxb5 27. Nf5
Kf8 28. Rad1 Qxb3 29. axb3 Bb6 30. Rd5 Rxd5 31. exd5 Rd8 32. Rd1 f6 33. Kg2 Kf7
34. Kg3 Rd7 35. Ne3 g5 36. Nc4 Kg6 37. h3 Re7 38. Rd2 h5 39. h4 gxh4+ 40. Kxh4
Kf5 41. Rd1 e4 42. d6 cxd6 43. Nxd6+ Kf4 44. Nxe4 Kxf3 45. Nxf6 Kxf2 46. Nxh5
Re8 47. Nf6 Bd8 48. Kg5 Rg8+ 49. Kf5 Rf8 50. Rd6 a5 51. Ke5 Bc7 52. Ne4+ Ke3
53. Nxc5 Bxd6+ 54. Kxd6 Rb8 55. Kd5 Rb4 56. Kc6 Kd2 57. Kd5 Kc3 58. Na4+ Kxb3
59. Nc5+ Kc2 60. Na6 Rb6 61. Nc5 Rb4 62. Na6 Rh4 63. Kc5 a4 64. Kb5 a3 65. Nb4+
Rxb4+ 66. Kxb4 a2 67. Kc4 a1=Q 68. Kd5 Qe1 69. Kc5 Qe5+ 70. Kc6 Kd3 71. Kd7 Qf6
72. Kc7 Qe6 73. Kb7 Qd6 74. Ka7 Qc6 75. Kb8 Qd7 76. Ka8 Kc4 77. Kb8 Kb5 78. Ka8
Kb6 79. Kb8 Qb7# 0-1

[Event "U.S. Amateur North"]
[Site "Detroit, MI"]
[Date "1999.05.30"]
[Round "5"]
[White "Palmer, Tony"]
[Black "Chehayeb, Sal"]
[Result "0-1"]
[WhiteElo "2060"]
[BlackElo "2011"]
[PlyCount "36"]
[EventDate "1999.05.29"]

1. e4 c5 2. Nf3 d6 3. d4 cxd4 4. Nxd4 Nf6 5. Nc3 g6 6. Be3 Bg7 7. f3 O-O 8. Qd2
Nc6 9. O-O-O d5 10. Nxc6 bxc6 11. exd5 cxd5 12. Nxd5 Nxd5 13. Qxd5 Qc7 14. Qc5
Qb7 15. Bd4 Bf5 16. Qa3 Qc7 17. c4 Rfd8 18. Bxg7 Qf4+ 0-1

[Event "U.S. Amateur North U1600"]
[Site "Detroit, MI"]
[Date "1999.05.30"]
[Round "5"]
[White "Neigebauer, Kent"]
[Black "Young, Cordell"]
[Result "1-0"]
[WhiteElo "1148"]
[BlackElo "876"]
[PlyCount "85"]
[EventDate "1999.05.29"]

1. d4 d5 2. Nf3 Nf6 3. e3 Bg4 4. Be2 Bxf3 5. Bxf3 e6 6. c3 c5 7. Nd2 Nc6 8. O-O
e5 9. dxe5 Nxe5 10. Be2 Bd6 11. Bb5+ Nfd7 12. Nf3 O-O 13. Nxe5 Nxe5 14. Qxd5 a6
15. Be2 Ng4 16. g3 Nf6 17. Qxb7 Re8 18. Qb3 Qc7 19. Bc4 Re7 20. Qd1 Ne4 21. Qg4
Re5 22. f4 Nf6 23. Qf3 Ree8 24. Re1 Qe7 25. Re2 Qe4 26. Qxe4 Rxe4 27. Bd3 Re7
28. Bd2 Rd8 29. Bxa6 Nd5 30. Bd3 Rde8 31. Kf2 Nf6 32. h3 Ne4+ 33. Bxe4 Rxe4 34.
Kf3 f6 35. a4 c4 36. a5 Bc5 37. a6 R4e7 38. Ra4 Re4 39. a7 Bxa7 40. Rxa7 g5 41.
Ra8 Rxe3+ 42. Rxe3 Rxa8 43. fxg5 {(...)} 1-0

[Event "U.S. Amateur North U1600"]
[Site "Detroit, MI"]
[Date "1999.05.30"]
[Round "5"]
[White "Moore, Stacey"]
[Black "Moton, Michael"]
[Result "1-0"]
[WhiteElo "996"]
[BlackElo "950"]
[PlyCount "73"]
[EventDate "1999.05.29"]

1. d4 d5 2. Nf3 e6 3. e3 Bd7 4. b3 c5 5. Bb2 cxd4 6. exd4 Nf6 7. Bd3 Ne4 8. c3
Be7 9. Qc2 Bc6 10. Ne5 Nf6 11. O-O Bd6 12. Re1 Nbd7 13. c4 Rc8 14. Nxc6 bxc6
15. c5 Bb8 16. Nd2 Qc7 17. g3 O-O 18. Nf3 Rce8 19. Ne5 Qc8 20. b4 Bc7 21. a4
Bb8 22. Rac1 Rd8 23. b5 cxb5 24. axb5 g6 25. f4 Bc7 26. c6 Nb6 27. Ba3 Bxe5 28.
fxe5 Ng4 29. Bxf8 Rxf8 30. c7 Na8 31. Qc5 Qb7 32. Qxf8+ Kxf8 33. c8=Q+ Qxc8 34.
Rxc8+ Kg7 35. Rxa8 Nh6 36. Rxa7 Ng8 37. b6 1-0

[Event "U.S. Amateur North"]
[Site "Detroit, MI"]
[Date "1999.05.30"]
[Round "5"]
[White "Moore, Robert"]
[Black "Schell, Ken"]
[Result "0-1"]
[WhiteElo "1640"]
[BlackElo "1666"]
[PlyCount "82"]
[EventDate "1999.05.29"]

1. e4 d5 2. exd5 Nf6 3. Nc3 Nxd5 4. Nxd5 Qxd5 5. Nf3 Bg4 6. c3 Nc6 7. Be2 O-O-O
8. Qa4 Bd7 9. Qb3 Be6 10. Qxd5 Bxd5 11. d4 f6 12. Be3 g5 13. O-O-O Bxa2 14. Nd2
Bd5 15. Rhg1 h5 16. Kc2 Bg7 17. g4 hxg4 18. Bxg4+ Kb8 19. h3 e5 20. dxe5 Nxe5
21. f3 Rhe8 22. Bh5 Bf7 23. Bxf7 Nxf7 24. Bd4 Re2 25. h4 Bh8 26. hxg5 fxg5 27.
Bxh8 Rxh8 28. Kd3 Rhe8 29. b3 R8e3+ 30. Kc2 Re8 31. Rgf1 Rd8 32. f4 gxf4 33.
Rxf4 Ne5 34. Kc1 Nd3+ 35. Kc2 Nxf4 36. b4 Ng2 37. Kc1 Ne3 38. Rg1 Rexd2 39. Rg3
Nc4 40. Rg1 Re8 41. Rf1 b5 0-1

[Event "Texas State Championship--Amateur"]
[Site "Dallas, Tex."]
[Date "1999.05.30"]
[Round "4"]
[White "Moody, David"]
[Black "Coburn, Donald"]
[Result "1-0"]
[WhiteElo "1959"]
[BlackElo "1844"]
[PlyCount "59"]
[EventDate "1999.05.29"]

1. e4 c6 2. d4 d5 3. Nc3 dxe4 4. Bc4 Nf6 5. f3 b5 6. Bb3 e6 7. fxe4 Bb4 8. Bg5
h6 9. Bxf6 Qxf6 10. Nf3 Bxc3+ 11. bxc3 O-O 12. O-O Qg6 13. Qe2 Nd7 14. a4 a5
15. axb5 cxb5 16. Qxb5 Ba6 17. Qxd7 Bxf1 18. Rxf1 Qxe4 19. Ne5 Qe3+ 20. Kh1
Rad8 21. Qc7 Rc8 22. Qxa5 Qe2 23. Qa1 Rxc3 24. Bxe6 fxe6 25. Rxf8+ Kxf8 26.
Qa8+ Ke7 27. Qb7+ Kf6 28. Qf7+ Kg5 29. Nf3+ Kg4 30. Qxg7+ 1-0

[Event "U.S. Amateur North U1600"]
[Site "Detroit, MI"]
[Date "1999.05.30"]
[Round "5"]
[White "Menczer, David"]
[Black "Haygood, Norman"]
[Result "1/2-1/2"]
[WhiteElo "1275"]
[BlackElo "1472"]
[PlyCount "121"]
[EventDate "1999.05.29"]

1. e4 c6 2. d4 d5 3. Nc3 dxe4 4. Nxe4 Bf5 5. Ng3 Bg6 6. Nf3 Nd7 7. Bd3 Bxd3 8.
Qxd3 Ngf6 9. O-O e6 10. Bf4 Be7 11. Rfe1 Nd5 12. Bd2 O-O 13. Ne4 Nb4 14. Bxb4
Bxb4 15. Neg5 Nf6 16. Nxe6 fxe6 17. Rxe6 Re8 18. Rxe8+ Qxe8 19. Qc4+ Nd5 20. c3
Bd6 21. Re1 Qh5 22. Qe2 Nf4 23. Qe4 Qg4 24. Ne5 Bxe5 25. dxe5 Nh3+ 26. Kf1 Qxe4
27. Rxe4 Ng5 28. Rd4 Kf8 29. Rd7 Rb8 30. f4 Ne6 31. f5 Nc5 32. Rd4 Ke7 33. Ke2
b5 34. b3 a5 35. Ke3 b4 36. cxb4 axb4 37. g4 h6 38. h4 Nd7 39. Kf4 Rb5 40. e6
Nf6 41. Rc4 c5 42. g5 Nd5+ 43. Ke4 Nc3+ 44. Ke5 hxg5 45. hxg5 Ne2 46. f6+ gxf6+
47. gxf6+ Ke8 48. Kd5 Nd4 49. e7 Kd7 50. Rxc5 Rxc5+ 51. Kxc5 Nc2 52. Kc4 Ke8
53. Kd3 Na3 54. Ke4 Nb5 55. Kd5 Nc7+ 56. Kd6 Nb5+ 57. Kc5 Nc7 58. Kxb4 Nd5+ 59.
Kb5 Nxf6 60. Kc6 Kxe7 61. a4 {[Black seems to have played the slightly illegal
61...Nd4+, and the game was agreed drawn]} 1/2-1/2

[Event "U.S. Amateur North"]
[Site "Detroit, MI"]
[Date "1999.05.30"]
[Round "5"]
[White "McIntosh, Shawn"]
[Black "Everett, Morgan"]
[Result "1/2-1/2"]
[WhiteElo "1916"]
[BlackElo "2134"]
[PlyCount "55"]
[EventDate "1999.05.29"]

1. e4 e5 2. Nf3 Nc6 3. Bb5 a6 4. Ba4 b5 5. Bb3 Nf6 6. O-O Be7 7. Re1 O-O 8. c3
d5 9. exd5 Nxd5 10. Nxe5 Nxe5 11. Rxe5 Nf4 12. d4 Bg5 13. Na3 Qf6 14. Qf3 Nh3+
15. Kf1 Qxf3 16. gxf3 Bxc1 17. Rxc1 Nf4 18. Re3 Bh3+ 19. Kg1 Rad8 20. Re4 g5
21. Bc2 Be6 22. Rce1 Kh8 23. Bb3 Rd7 24. Bxe6 fxe6 25. R1e3 Rdf7 26. Nc2 Rf6
27. Ne1 Nd5 28. Re2 1/2-1/2

[Event "U.S. Amateur North U1600"]
[Site "Detroit, MI"]
[Date "1999.05.30"]
[Round "4"]
[White "McFolley, Tyrone"]
[Black "Moton, Michael"]
[Result "1-0"]
[WhiteElo "702"]
[BlackElo "950"]
[PlyCount "111"]
[EventDate "1999.05.29"]

1. e4 e5 2. Nf3 Nc6 3. Bc4 Be7 4. d4 exd4 5. Nxd4 Bc5 6. Nxc6 bxc6 7. O-O Bb7
8. Qf3 Qe7 9. Nc3 O-O-O 10. Qxf7 Qxf7 11. Bxf7 Bd6 12. Bg5 Rf8 13. Bc4 h6 14.
Be3 g5 15. Bxa7 c5 16. Na4 Bxe4 17. Nxc5 Bxc5 18. Bxc5 d6 19. Bd4 Nf6 20. f4 g4
21. c3 Rh7 22. Rae1 d5 23. Ba6+ Kd8 24. b4 c6 25. b5 Kd7 26. bxc6+ Kxc6 27.
Bxf6 Rxf6 28. a4 Kc5 29. Be2 h5 30. Ra1 Rg7 31. a5 Rf8 32. a6 Ra7 33. g3 Rb8
34. Rfd1 Rb2 35. Re1 Bf3 36. Bxf3 gxf3 37. Rf1 f2+ 38. Rxf2 Rxf2 39. Kxf2 Kd6
40. Kf3 Ke6 41. g4 hxg4+ 42. Kxg4 Kf6 43. h4 Rg7+ 44. Kf3 Ra7 45. h5 Kg7 46.
Kg4 Kh7 47. f5 Rg7+ 48. Kh4 Ra7 49. f6 Kh8 50. Kg5 Kg8 51. h6 Kh7 52. f7 Rxf7
53. a7 Re7 54. a8=Q Re5+ 55. Kf4 Rh5 56. Qb7+ 1-0

[Event "U.S. Amateur North U1600"]
[Site "Detroit, MI"]
[Date "1999.05.30"]
[Round "5"]
[White "Maldonado, Ruben"]
[Black "Johnson, Christopher"]
[Result "0-1"]
[WhiteElo "702"]
[BlackElo "1284"]
[PlyCount "80"]
[EventDate "1999.05.29"]

1. e4 e5 2. Nf3 Nc6 3. Bb5 d6 4. Bxc6+ bxc6 5. O-O Nf6 6. d3 Ba6 7. Bg5 d5 8.
exd5 cxd5 9. Nxe5 Bd6 10. Nc6 Qd7 11. Re1+ Kf8 12. Nb4 Bxb4 13. c3 Be7 14. Bxf6
Bxf6 15. Qf3 Re8 16. Rxe8+ Qxe8 17. Na3 Bb7 18. Qe3 Qc6 19. Qxa7 d4 20. f3 Qa6
21. Qb8+ Bc8 22. Qxc7 dxc3 23. Qc5+ Be7 24. Qxc3 Bxa3 25. bxa3 Qa7+ 26. d4 Ke7
27. Qc5+ Qxc5 28. dxc5 Be6 29. a4 Ra8 30. Rb1 Rxa4 31. Rb7+ Kf6 32. c6 Rxa2 33.
c7 Rc2 34. Kf1 Ke5 35. Ke1 Bd5 36. Ra7 Be6 37. Kd1 Rc5 38. h4 Kd6 39. Ra4 Bb3+
40. Kd2 Bxa4 0-1

[Event "U.S. Amateur North U1600"]
[Site "Detroit, MI"]
[Date "1999.05.30"]
[Round "5"]
[White "Maldonado, Florentino"]
[Black "Treacy, Joe"]
[Result "1/2-1/2"]
[WhiteElo "1139"]
[BlackElo "1557"]
[PlyCount "96"]
[EventDate "1999.05.29"]

1. e4 c5 2. Nf3 d6 3. d4 cxd4 4. Nxd4 Nf6 5. Nc3 a6 6. Bd3 e5 7. Nf3 Be7 8. O-O
O-O 9. h3 Be6 10. b3 Nbd7 11. Bb2 Qc7 12. Re1 b5 13. a3 Rfb8 14. b4 Rb6 15. Qd2
Rc6 16. Rac1 Nb6 17. Nd1 Nc4 18. Qe2 Rc8 19. Ng5 Bd7 20. Nf3 h6 21. Nd2 Be6 22.
Nf3 Nb6 23. Nd2 Qd7 24. Qf1 R8c7 25. Nf3 Qd8 26. Ne3 Qc8 27. Re2 Na4 28. Nd1
Nxb2 29. Nxb2 Rc3 30. Ra1 Nd7 31. Nd1 R3c6 32. a4 Bc4 33. axb5 Bxb5 34. Bxb5
axb5 35. Ne3 Nf6 36. Rd2 Nxe4 37. Rdd1 Nc3 38. Nd5 Nxd5 39. Rxd5 Rxc2 40. Qxb5
Rc1+ 41. Rxc1 Rxc1+ 42. Kh2 Rc2 43. Kg1 Rb2 44. Rd1 f6 45. Qd5+ Kf8 46. Nh4 Qe8
47. Rd3 Qf7 48. Qa8+ Qe8 1/2-1/2

[Event "U.S. Amateur North"]
[Site "Detroit, MI"]
[Date "1999.05.30"]
[Round "5"]
[White "Libby, Dan"]
[Black "Santus, Nick"]
[Result "1/2-1/2"]
[WhiteElo "1722"]
[BlackElo "1862"]
[PlyCount "90"]
[EventDate "1999.05.29"]

1. c4 Nf6 2. Nc3 e5 3. g3 d5 4. cxd5 Nxd5 5. Bg2 Nb6 6. Nf3 Nc6 7. O-O Be7 8.
a4 a5 9. Nb5 Bg4 10. d4 e4 11. Ne5 Nxe5 12. dxe5 Qxd1 13. Rxd1 O-O 14. Nxc7
Rac8 15. Nd5 Nxd5 16. Rxd5 Rfd8 17. Bxe4 Bxe2 18. Rxd8+ Rxd8 19. Be3 Rd1+ 20.
Rxd1 Bxd1 21. Bxb7 Bxa4 22. Bd2 Bd8 23. Bc3 Bb5 24. Bd5 Kf8 25. Kg2 Ke7 26. Kf3
Bd7 27. Ke3 Bh3 28. f4 h5 29. Bd4 Be6 30. Bc6 Bd7 31. Bxd7 Kxd7 32. e6+ Kxe6
33. Bxg7 Kf5 34. h3 f6 35. Bf8 a4 36. Bb4 Bb6+ 37. Kf3 Bd4 38. Ba3 Ke6 39. g4
hxg4+ 40. hxg4 Kd5 41. g5 fxg5 42. fxg5 Kc4 43. Ke4 Bg7 44. g6 Kb3 45. Kd3 Bh6
1/2-1/2

[Event "U.S. Amateur North"]
[Site "Detroit, MI"]
[Date "1999.05.30"]
[Round "5"]
[White "LaForge, Tom"]
[Black "Jarosz, Stan"]
[Result "1/2-1/2"]
[WhiteElo "1981"]
[BlackElo "2005"]
[PlyCount "37"]
[EventDate "1999.05.29"]

1. e4 c5 2. Nf3 e6 3. d4 cxd4 4. Nxd4 Nf6 5. Nc3 d6 6. g4 Nc6 7. g5 Nd7 8. Be3
Nb6 9. Rg1 Be7 10. f4 e5 11. Nxc6 bxc6 12. fxe5 dxe5 13. Qxd8+ Bxd8 14. O-O-O
Be6 15. Ba6 Bc8 16. Be2 Be7 17. h4 Be6 18. Ba6 Rb8 19. a3 1/2-1/2

[Event "U.S. Amateur North U1600"]
[Site "Detroit, MI"]
[Date "1999.05.30"]
[Round "5"]
[White "Keith, Nathan"]
[Black "Scioly, Tony"]
[Result "0-1"]
[WhiteElo "1469"]
[BlackElo "1593"]
[PlyCount "58"]
[EventDate "1999.05.29"]

1. e4 c5 2. Nf3 d6 3. Bb5+ Bd7 4. Bxd7+ Qxd7 5. c3 Nf6 6. d3 g6 7. O-O Nc6 8.
Bg5 Bg7 9. Bxf6 Bxf6 10. Nbd2 b5 11. a3 O-O 12. Qc2 b4 13. axb4 cxb4 14. c4 a5
15. Ra2 Rfb8 16. b3 g5 17. Qb1 g4 18. Ne1 Nd4 19. Qd1 Kh8 20. Nc2 Nxb3 21. Nxb3
a4 22. Ne3 axb3 23. Qxb3 Rxa2 24. Qxa2 b3 25. Qa3 Qb7 26. Rb1 b2 27. Nxg4 Ra8
28. Qxa8+ Qxa8 29. Nxf6 Qa1 0-1

[Event "U.S. Amateur North U1600"]
[Site "Detroit, MI"]
[Date "1999.05.30"]
[Round "4"]
[White "Johnson, Christopher"]
[Black "Whitaker, Deshontae"]
[Result "0-1"]
[WhiteElo "1284"]
[BlackElo "1049"]
[PlyCount "138"]
[EventDate "1999.05.29"]

1. e4 c5 2. f4 Nc6 3. Nf3 d6 4. Nc3 e5 5. fxe5 dxe5 6. d3 Nf6 7. Be3 b6 8. Be2
Be7 9. O-O O-O 10. Qd2 Ng4 11. h3 Nxe3 12. Qxe3 Nd4 13. Qd2 Nxf3+ 14. Bxf3 Bg5
15. Qe2 Qf6 16. Nd5 Qg6 17. Bh5 Qd6 18. Rf2 Be6 19. c4 Bh4 20. Rff1 Qd8 21. Bg4
Bxd5 22. exd5 Bf6 23. Bf5 Rb8 24. Be4 b5 25. b3 b4 26. Qh5 g6 27. Qf3 Be7 28.
d6 Bxd6 29. Bd5 Qe7 30. Rf2 Rbc8 31. Raf1 Rc7 32. Qf6 Qxf6 33. Rxf6 Rd7 34. Be6
Re7 35. Bd5 Rd7 36. Kh1 a5 37. Kg1 Kg7 38. Kh1 Bc7 39. Be6 Re7 40. Bd5 Bd8 41.
Kg1 Rc7 42. Rc6 Rxc6 43. Bxc6 f5 44. Re1 Bc7 45. Kh1 Rd8 46. Re3 Kf6 47. h4 h5
48. Bd5 Rd7 49. Kh2 e4+ 50. Kh3 exd3 51. Rxd3 Re7 52. Rd2 Re3+ 53. Bf3 Bf4 54.
Re2 Rc3 55. Rf2 g5 56. hxg5+ Kxg5 57. g3 Be5 58. Kh2 h4 59. Kg2 hxg3 60. Re2
Kf4 61. Bd5 Bd4 62. Kh3 Kg5 63. Kg2 Kg4 64. Bc6 Rc1 65. Bf3+ Kh4 66. Bc6 f4 67.
Re4 Rc2+ 68. Kf1 g2+ 69. Ke1 g1=Q# 0-1

[Event "U.S. Amateur North U1600"]
[Site "Detroit, MI"]
[Date "1999.05.30"]
[Round "4"]
[White "Jarrett, Thomas"]
[Black "Haygood, LeSean"]
[Result "1/2-1/2"]
[WhiteElo "717"]
[BlackElo "1472"]
[PlyCount "86"]
[EventDate "1999.05.29"]

1. d4 d5 2. c4 dxc4 3. e4 e6 4. Bxc4 b6 5. Bf4 c5 6. Nf3 cxd4 7. O-O Bb7 8.
Bb5+ Bc6 9. Nxd4 Bc5 10. Bxc6+ Nxc6 11. Nxc6 Qf6 12. Be5 Qg6 13. Nb8 Rxb8 14.
Bxb8 Ne7 15. Nc3 O-O 16. Bxa7 Nc6 17. Qa4 e5 18. Nd5 Ra8 19. Qc4 Rxa7 20. Rad1
Nd4 21. Rxd4 exd4 22. b4 Bf8 23. Qc8 Qxe4 24. Nxb6 Qb7 25. Qxb7 Rxb7 26. Nd5
Bxb4 27. Nxb4 Rxb4 28. Re1 g6 29. g3 d3 30. Rd1 Rd4 31. a4 Rxa4 32. Rxd3 Kg7
33. Kg2 Ra2 34. Kf3 g5 35. h3 h5 36. g4 hxg4+ 37. hxg4 Kg6 38. Kg3 f6 39. Rf3
Ra5 40. Re3 f5 41. gxf5+ Rxf5 42. Re6+ Kg7 43. Ra6 Rf6 1/2-1/2

[Event "U.S. Amateur North"]
[Site "Detroit, MI"]
[Date "1999.05.30"]
[Round "4"]
[White "Jarosz, Stan"]
[Black "McIntosh, Shawn"]
[Result "1/2-1/2"]
[WhiteElo "2005"]
[BlackElo "1916"]
[PlyCount "126"]
[EventDate "1999.05.29"]

1. d4 d5 2. Nf3 Bf5 3. Bf4 e6 4. e3 Nf6 5. c4 c6 6. Nc3 Bb4 7. Qb3 Qe7 8. c5
Bxc3+ 9. bxc3 Ne4 10. h3 O-O 11. Be2 Na6 12. O-O Naxc5 13. dxc5 Nxc5 14. Qb2 f6
15. Nd4 Bg6 16. Nb3 Na4 17. Qc1 e5 18. Bg3 a5 19. c4 Bf7 20. cxd5 Bxd5 21. Bc4
Nb6 22. Bxd5+ Nxd5 23. e4 Nb4 24. f3 Rac8 25. Qc5 Qc7 26. Rfd1 b6 27. Qd6 a4
28. Qe6+ Qf7 29. Qxf7+ Kxf7 30. Nd2 c5 31. Nc4 Rc6 32. Rd7+ Kg6 33. Rb7 a3 34.
Nxb6 Rd8 35. Nc4 Rd3 36. Be1 Nc2 37. Rc1 Nxe1 38. Rxe1 Rc3 39. Na5 Ra6 40. Rb3
Rc2 41. Rxa3 Rb6 42. f4 exf4 43. Nb3 Rd6 44. e5 fxe5 45. Rxe5 c4 46. Nc5 h6 47.
Re6+ Rxe6 48. Nxe6 c3 49. Nxf4+ Kg5 50. Nd3 Rd2 51. Rxc3 Rxa2 52. Nf2 h5 53.
Rc4 g6 54. h4+ Kf6 55. Nh3 Ra6 56. Kf2 Rb6 57. Rc5 Rb4 58. g3 Rb6 59. Nf4 Ra6
60. Rg5 Kf7 61. Rxg6 Rxg6 62. Nxg6 Kxg6 63. Kf3 Kf5 1/2-1/2

[Event "U.S. Amateur North U1600"]
[Site "Detroit, MI"]
[Date "1999.05.30"]
[Round "5"]
[White "Hooker, Larry"]
[Black "Reisinger, Michael"]
[Result "1/2-1/2"]
[WhiteElo "1324"]
[BlackElo "1480"]
[PlyCount "53"]
[EventDate "1999.05.29"]

1. e4 c5 2. Nc3 d6 3. f4 Nf6 4. Nf3 a6 5. Bc4 b5 6. Bd5 Nxd5 7. Nxd5 Bb7 8. O-O
e6 9. Nc3 b4 10. Ne2 Bxe4 11. c3 Be7 12. cxb4 cxb4 13. Qa4+ Nc6 14. Ng3 Qb6+
15. d4 Bxf3 16. Rxf3 O-O 17. Be3 d5 18. Ne2 Rfc8 19. Qd1 Na7 20. Ng3 Rc4 21. f5
Bf6 22. b3 Rc7 23. Nh5 Be7 24. f6 Bxf6 25. Nxf6+ gxf6 26. Bh6 Kh8 27. Rg3
1/2-1/2

[Event "U.S. Amateur North"]
[Site "Detroit, MI"]
[Date "1999.05.30"]
[Round "4"]
[White "Holden, Anthony"]
[Black "Schey, Danny"]
[Result "1-0"]
[WhiteElo "1348"]
[BlackElo "1756"]
[PlyCount "73"]
[EventDate "1999.05.29"]

1. d4 d6 2. Nd2 e5 3. c3 g6 4. e4 Bg7 5. Ndf3 Nc6 6. Bb5 Bd7 7. d5 Nce7 8. Qd3
Nf6 9. Bg5 O-O 10. Bc4 h6 11. Bxf6 Bxf6 12. h3 Bg7 13. Ne2 f5 14. exf5 gxf5 15.
Qd2 Ng6 16. g3 Qe8 17. O-O-O b5 18. Bb3 a5 19. Bc2 Rb8 20. g4 fxg4 21. Bxg6
Qxg6 22. Nh4 Qf6 23. hxg4 Qxf2 24. Rdf1 Qxf1+ 25. Rxf1 Rxf1+ 26. Kc2 Bxg4 27.
Qd3 Bxe2 28. Qxe2 Rbf8 29. Qxb5 R1f2+ 30. Kb3 a4+ 31. Ka3 e4 32. Qd7 R2f7 33.
Qe6 Be5 34. Nf5 Bg7 35. Ne7+ Kh7 36. Qxe4+ Kh8 37. Ng6+ 1-0

[Event "U.S. Amateur North U1600"]
[Site "Detroit, MI"]
[Date "1999.05.30"]
[Round "4"]
[White "Hayley, Robert"]
[Black "Hooker, Larry"]
[Result "0-1"]
[WhiteElo "1122"]
[BlackElo "1324"]
[PlyCount "118"]
[EventDate "1999.05.29"]

1. b3 d5 2. Bb2 c5 3. e3 Nc6 4. d3 e5 5. Nd2 Nf6 6. Ngf3 d4 7. Be2 Bd6 8. h3
O-O 9. c3 Bc7 10. cxd4 cxd4 11. O-O Re8 12. Ng5 Nd5 13. e4 Qxg5 14. Nf3 Qd8 15.
exd5 Qxd5 16. Nd2 Qe6 17. Bg4 Qg6 18. Bh5 Qxd3 19. Re1 Qf5 20. Bf3 Qg6 21. Be4
f5 22. Bf3 Qf6 23. Bxc6 Qxc6 24. Rc1 Qd6 25. Bxd4 e4 26. Nf1 b6 27. Be3 Qxd1
28. Rexd1 Be5 29. g3 Ba6 30. Rd5 Rad8 31. Rcd1 Bd3 32. Rxd8 Rxd8 33. Nd2 Rc8
34. Kg2 Rc2 35. a4 h6 36. h4 Kf7 37. Kh3 Bf6 38. g4 fxg4+ 39. Kg3 h5 40. Nc4 g6
41. a5 bxa5 42. Nxa5 Be5+ 43. Bf4 Bxf4+ 44. Kxf4 Rxf2+ 45. Ke3 Rf3+ 46. Kd2 Rf1
47. Rxf1+ Bxf1 48. Ke3 g3 49. Nb7 g2 50. Nd6+ Kg8 51. Kxe4 g1=Q 52. Ke5 Qc5+
53. Ke6 Bh3+ 54. Ke7 Qc7+ 55. Kf6 Qxd6+ 56. Kg5 Qe5+ 57. Kxg6 Qf5+ 58. Kh6 Kf7
59. b4 Qg6# 0-1

[Event "U.S. Amateur North U1600"]
[Site "Detroit, MI"]
[Date "1999.05.30"]
[Round "5"]
[White "Grzegorczyk, Ron"]
[Black "Funderburg, James"]
[Result "1-0"]
[WhiteElo "1560"]
[BlackElo "1077"]
[PlyCount "79"]
[EventDate "1999.05.29"]

1. e4 c5 2. Nf3 Nc6 3. d4 cxd4 4. Nxd4 Nf6 5. Nc3 d6 6. Bd3 Nxd4 7. Be3 Bg4 8.
f3 Nxf3+ 9. gxf3 Bh3 10. Bb5+ Nd7 11. Qd2 a6 12. Ba4 b5 13. Bb3 Ne5 14. Qf2 e6
15. O-O-O Be7 16. Qg3 Bf5 17. exf5 exf5 18. Bd4 Bf6 19. Nd5 O-O 20. Bb6 Bh4 21.
Qh3 Bg5+ 22. f4 Bxf4+ 23. Nxf4 Qxb6 24. Qxf5 Rac8 25. Kb1 a5 26. a3 a4 27. Ba2
Qc5 28. Rd5 Qb6 29. Rhd1 Nc4 30. Bxc4 bxc4 31. Rxd6 Qb8 32. c3 Qb3 33. Qc2 Qb8
34. R6d4 Qb5 35. Nd5 Rb8 36. Nb4 Rfe8 37. Rd5 Qb6 38. Qxa4 Qg6+ 39. Ka2 Re2 40.
Rd8+ 1-0

[Event "U.S. Amateur North U1600"]
[Site "Detroit, MI"]
[Date "1999.05.30"]
[Round "4"]
[White "Griffin, John"]
[Black "Robertson, John"]
[Result "0-1"]
[WhiteElo "1511"]
[BlackElo "1473"]
[PlyCount "108"]
[EventDate "1999.05.29"]

1. d4 d5 2. c4 e6 3. Nf3 Nf6 4. g3 dxc4 5. a4 Be7 6. Bg2 O-O 7. O-O c5 8. e3
Nc6 9. dxc5 Bxc5 10. Qc2 Qd3 11. Qxd3 cxd3 12. Rd1 Rd8 13. Ne1 Ne5 14. Nd2 Rb8
15. b3 Nc6 16. Ne4 Be7 17. Bd2 b6 18. Bc3 Nxe4 19. Bxe4 Nb4 20. Nxd3 Nxd3 21.
Bxd3 Bb7 22. Be2 Rbc8 23. Bd4 Rc2 24. Bd3 Rcc8 25. Kf1 Bf3 26. Be2 Bxe2+ 27.
Kxe2 Rc2+ 28. Rd2 Rxd2+ 29. Kxd2 e5 30. Rc1 exd4 31. Rc7 dxe3+ 32. Kxe3 Bc5+
33. Ke2 g6 34. Rxa7 Rd4 35. Rc7 Bb4 36. Rc6 Ba5 37. Ke3 Rb4 38. Rc3 Re4+ 39.
Kxe4 Bxc3 40. f3 Kf8 41. h3 Ke7 42. Kd3 Be1 43. g4 Kd6 44. Kc4 Ke5 45. Kd3 Bf2
46. b4 Be1 47. Kc4 Kf4 48. b5 Ba5 49. Kd5 Kxf3 50. Kd6 Kg3 51. Ke7 Kxh3 52. g5
Kg4 53. Kf6 Bc3+ 54. Kxf7 Kxg5 0-1

[Event "U.S. Amateur North U1600"]
[Site "Detroit, MI"]
[Date "1999.05.30"]
[Round "5"]
[White "Gillom, Donte"]
[Black "Whitaker, Deshontae"]
[Result "0-1"]
[WhiteElo "1221"]
[BlackElo "1049"]
[PlyCount "62"]
[EventDate "1999.05.29"]

1. d4 d5 2. c4 dxc4 3. e3 b5 4. Nc3 c6 5. g3 Nf6 6. Bg2 e6 7. Nxb5 a6 8. Nc3
Bb4 9. Qa4 Bxc3+ 10. bxc3 Nd5 11. Qxc4 O-O 12. Bxd5 cxd5 13. Qd3 Nd7 14. Nf3 a5
15. h4 h6 16. Bd2 Nf6 17. Ng5 hxg5 18. hxg5 Ne4 19. Qf1 Nxg5 20. f4 Ne4 21. Qh3
f6 22. Qh7+ Kf7 23. Rh6 Ba6 24. Rg6 Rg8 25. g4 Qf8 26. Qh5 Rh8 27. Rh6+ Ke7 28.
Rxh8 Qxh8 29. O-O-O Qxh5 30. gxh5 Rh8 31. Rg1 Kf7 0-1

[Event "U.S. Amateur North U1600"]
[Site "Detroit, MI"]
[Date "1999.05.30"]
[Round "4"]
[White "Funderburg, James"]
[Black "Sturdivant, Ashley"]
[Result "1-0"]
[WhiteElo "1077"]
[BlackElo "539"]
[PlyCount "60"]
[EventDate "1999.05.29"]

1. e4 e5 2. Nf3 Nc6 3. Bc4 h6 4. c3 Nf6 5. O-O Nxe4 6. Re1 d5 7. Bb5 Bd7 8. d3
Nf6 9. Bxc6 e4 10. Bxb7 Rb8 11. Ba6 Rb6 12. dxe4 Rxa6 13. exd5+ Be7 14. Qe2 Rd6
15. Bf4 Nxd5 16. Bxd6 cxd6 17. Na3 O-O 18. c4 Bf6 19. cxd5 Re8 20. Qc2 Rxe1+
21. Rxe1 Qb8 22. Nc4 Qc8 23. b3 Bf5 24. Qd2 a6 25. Nxd6 Qd7 26. Nxf5 Qxf5 27.
d6 Kh7 28. d7 Kg6 29. d8=Q Bxd8 30. Qxd8 f6 1-0

[Event "U.S. Amateur North U1600"]
[Site "Detroit, MI"]
[Date "1999.05.30"]
[Round "5"]
[White "Frantz, John W"]
[Black "Crist, Kevin"]
[Result "1-0"]
[WhiteElo "1225"]
[BlackElo "1009"]
[PlyCount "57"]
[EventDate "1999.05.29"]

1. b4 d5 2. Bb2 e6 3. Nf3 Nf6 4. b5 c6 5. a4 Bc5 6. e3 O-O 7. c4 Re8 8. Qb3
Nbd7 9. d4 dxc4 10. Bxc4 Bb6 11. O-O cxb5 12. Bxb5 a6 13. Bc4 Nf8 14. Nc3 Bc7
15. Rad1 Qe7 16. Ba3 Bd6 17. Bb2 Ng4 18. h3 Nh6 19. e4 e5 20. Nd5 Qd8 21. dxe5
Bc7 22. Nf6+ gxf6 23. Rxd8 Rxd8 24. exf6 Be6 25. Bxe6 fxe6 26. Ne5 Rab8 27.
Qg3+ Ng6 28. Nxg6 Nf7 29. Ne7+ 1-0

[Event "U.S. Amateur North U1600"]
[Site "Detroit, MI"]
[Date "1999.05.30"]
[Round "5"]
[White "Frantz, John C"]
[Black "Jarrett, Thomas"]
[Result "0-1"]
[WhiteElo "459"]
[BlackElo "717"]
[PlyCount "86"]
[EventDate "1999.05.29"]

1. e4 e5 2. Nf3 Nc6 3. Nc3 Nf6 4. Bd3 Bc5 5. Ng5 O-O 6. O-O d6 7. Nd5 Nxd5 8.
exd5 Nd4 9. c3 Nf5 10. Qg4 Nh6 11. Qh5 Qf6 12. b4 Bg4 13. Qh4 Bf5 14. Bxf5 Qxf5
15. bxc5 f6 16. g4 Nxg4 17. Qxh7+ Qxh7 18. Nxh7 Kxh7 19. cxd6 cxd6 20. Ba3 Rfd8
21. c4 b6 22. c5 dxc5 23. f3 Nh6 24. f4 Rxd5 25. d4 Nf5 26. Rf2 exd4 27. Bb2 d3
28. Bc1 c4 29. Bd2 Rc8 30. Rc1 Nd6 31. Rc3 Nb5 32. Rc1 c3 33. Be1 d2 34. Bxd2
cxd2 35. Rxd2 Rxc1+ 36. Kg2 Rxd2+ 37. Kf3 Rc3+ 38. Kg4 Rg2+ 39. Kf5 Nd6+ 40.
Ke6 Rd3 41. Kd7 Nf7+ 42. Ke7 Kg8 43. h4 Re2# 0-1